Buscando la paz del alma (Record no. 134963)

MARC details
000 -LEADER
campo de control de longitud fija 00572nam a2200181 i 4500
001 - NÚMERO DE CONTROL
campo de control 134963
003 - IDENTIFICADOR DE NÚMERO DE CONTROL
campo de control ES-MaACL
005 - FECHA Y HORA DE LA ÚLTIMA TRANSACCIÓN
campo de control 20230906194759.0
007 - CAMPO FIJO DE DESCRIPCIÓN FÍSICA--INFORMACIÓN GENERAL
campo de control de longitud fija t|
008 - DATOS DE LONGITUD FIJA--INFORMACIÓN GENERAL
campo de control de longitud fija 070704s1970 sp ||||1| spa d
080 ## - NÚMERO DE LA CLASIFICACIÓN DECIMAL UNIVERSAL
Número de la Clasificación Decimal Universal 92 Thomas, Catherine
100 1# - ENTRADA PRINCIPAL--NOMBRE DE PERSONA
Nombre de persona Thomas, Catherine.
9 (RLIN) 110001
245 10 - MENCIÓN DEL TÍTULO
Título Buscando la paz del alma
Resto del título : historia de una vocación moderna /
Mención de responsabilidad, etc. Catalina Thomas ; traducción de Eloy Requena.
260 ## - PUBLICACIÓN, DISTRIBUCIÓN, ETC.
Lugar de publicación, distribución, etc. Madrid :
Nombre del editor, distribuidor, etc. Studium,
Fecha de publicación, distribución, etc. [1970]
300 ## - DESCRIPCIÓN FÍSICA
Extensión 247 p. :
Otras características físicas il. ;
Dimensiones 19 cm.
700 1# - ENTRADA AGREGADA--NOMBRE PERSONAL
Nombre de persona Requena, Eloy.
9 (RLIN) 96289
852 ## - LOCALIZACIÓN
Ubicación ES-MaACL
Número de control de estantería C-49609
Sublocalización o colección R.73990
Holdings
Estatus retirado Estado de pérdida Estado de daño No para préstamo Biblioteca de origen Biblioteca actual Ubicación en estantería Fecha de adquisición Fuente de adquisición Total de préstamos Signatura topográfica completa Código de barras Visto por última vez Precio de reemplazo Tipo de ítem Koha
        Biblioteca del Ateneo de Madrid Biblioteca del Ateneo de Madrid Depósito 2 17/01/2008     C-49609 1140478 23/02/2023 23/02/2023 Libro impreso